[Event "Ch France 2018"]
[Site "?"]
[Date "2018.08.18"]
[Round "1.1"]
[White "Bacrot, Etienne"]
[Black "Cornette, Matthieu"]
[Result "1/2-1/2"]
[BlackElo "2593"]
[WhiteElo "2699"]
[LiveChessVersion "1.4.8"]

1. d4 {[%clk 1:30:57]} Nf6 {[%clk 1:30:47]} 2. c4 {[%clk 1:31:21]} e6
{[%clk 1:31:10]} 3. Nc3 {[%clk 1:31:46]} Bb4 {[%clk 1:31:14]} 4. Nf3
{[%clk 1:32:06]} b6 {[%clk 1:30:12]} 5. e3 {[%clk 1:31:55]} Bb7 {[%clk 1:27:37]}
6. Bd3 {[%clk 1:31:26]} O-O {[%clk 1:28:01]} 7. O-O {[%clk 1:31:25]} c5
{[%clk 1:27:57]} 8. Na4 {[%clk 1:30:12]} cxd4 {[%clk 1:27:38]} 9. exd4
{[%clk 1:30:31]} Re8 {[%clk 1:28:02]} 10. Bf4 {[%clk 1:30:14]} Bf8
{[%clk 1:26:33]} 11. Re1 {[%clk 1:30:05]} h6 {[%clk 1:20:59]} 12. h3
{[%clk 1:22:14]} Bxf3 {[%clk 0:58:36]} 13. Qxf3 {[%clk 1:22:29]} Nc6
{[%clk 0:59:02]} 14. Be5 {[%clk 0:59:59]} Rc8 {[%clk 0:57:39]} 15. Rad1
{[%clk 1:00:21]} d6 {[%clk 0:55:59]} 16. Bxf6 {[%clk 0:58:11]} Qxf6
{[%clk 0:56:25]} 17. Qxf6 {[%clk 0:58:26]} gxf6 {[%clk 0:56:50]} 18. Be4
{[%clk 0:52:40]} Ne7 {[%clk 0:43:41]} 19. b3 {[%clk 0:48:45]} f5 {[%clk 0:35:57]}
20. Bf3 {[%clk 0:47:51]} Bg7 {[%clk 0:32:50]} 21. Nc3 {[%clk 0:46:56]} Red8
{[%clk 0:25:56]} 22. Rd3 {[%clk 0:41:24]} Rd7 {[%clk 0:22:19]} 23. Red1
{[%clk 0:40:46]} a6 {[%clk 0:18:29]} 24. a4 {[%clk 0:39:09]} Rdc7
{[%clk 0:18:00]} 25. Ne2 {[%clk 0:29:51]} b5 {[%clk 0:09:54]} 26. cxb5
{[%clk 0:28:42]} axb5 {[%clk 0:10:22]} 27. axb5 {[%clk 0:29:07]} d5
{[%clk 0:10:33]} 28. g4 {[%clk 0:26:24]} Rb8 {[%clk 0:09:54]} 29. Nc3
{[%clk 0:23:45]} fxg4 {[%clk 0:09:37]} 30. hxg4 {[%clk 0:23:37]} Bxd4
{[%clk 0:09:44]} 31. Nxd5 {[%clk 0:23:41]} Nxd5 {[%clk 0:10:00]} 32. Bxd5
{[%clk 0:23:41]} exd5 {[%clk 0:10:24]} 33. Rxd4 {[%clk 0:24:05]} Rxb5
{[%clk 0:10:51]} 34. Rxd5 {[%clk 0:23:20]} Rxb3 {[%clk 0:11:17]} 35. Kg2
{[%clk 0:23:43]} Kg7 {[%clk 0:11:40]} 36. R1d3 {[%clk 0:23:55]} Rxd3
{[%clk 0:12:07]} 37. Rxd3 {[%clk 0:24:21]} Rc5 {[%clk 0:12:31]} 38. Kg3
{[%clk 0:24:47]} h5 {[%clk 0:12:56]} 39. gxh5 {[%clk 0:25:10]} Rxh5
{[%clk 0:13:24]} 40. Rd4 {[%clk 0:25:34]} Ra5 {[%clk 0:13:48]} 1/2-1/2

[Event "Ch France 2018"]
[Site "?"]
[Date "2018.08.18"]
[Round "1.2"]
[White "Fressinet, Laurent"]
[Black "Gharamian, Tigran"]
[Result "1/2-1/2"]
[BlackElo "2614"]
[WhiteElo "2645"]
[LiveChessVersion "1.4.8"]

1. d4 {[%clk 1:30:56]} Nf6 {[%clk 1:30:42]} 2. c4 {[%clk 1:31:20]} e6
{[%clk 1:31:06]} 3. Nc3 {[%clk 1:31:45]} Bb4 {[%clk 1:31:24]} 4. e3
{[%clk 1:32:04]} d5 {[%clk 1:31:05]} 5. cxd5 {[%clk 1:28:44]} exd5
{[%clk 1:25:53]} 6. Bd3 {[%clk 1:28:55]} O-O {[%clk 1:26:04]} 7. Nge2
{[%clk 1:29:15]} Re8 {[%clk 1:08:19]} 8. Bd2 {[%clk 1:27:55]} Bd6
{[%clk 1:05:56]} 9. O-O {[%clk 1:23:25]} a6 {[%clk 1:02:43]} 10. Rc1
{[%clk 1:19:21]} Nbd7 {[%clk 0:58:52]} 11. Nf4 {[%clk 1:14:09]} c6
{[%clk 0:55:08]} 12. f3 {[%clk 1:08:48]} Nf8 {[%clk 0:47:08]} 13. Kh1
{[%clk 1:07:44]} Ng6 {[%clk 0:38:29]} 14. Nce2 {[%clk 1:00:18]} Qb6
{[%clk 0:25:24]} 15. b3 {[%clk 0:46:14]} Bd7 {[%clk 0:10:26]} 16. g4
{[%clk 0:40:29]} Re7 {[%clk 0:05:44]} 17. Qc2 {[%clk 0:31:36]} Nxf4
{[%clk 0:03:04]} 18. exf4 {[%clk 0:31:41]} Rae8 {[%clk 0:02:41]} 19. Ng3
{[%clk 0:27:24]} Kf8 {[%clk 0:02:50]} 20. Rcd1 {[%clk 0:18:59]} h6
{[%clk 0:02:34]} 21. g5 {[%clk 0:17:19]} Ng8 {[%clk 0:02:11]} 22. Bf5
{[%clk 0:11:22]} hxg5 {[%clk 0:01:28]} 23. Bxd7 {[%clk 0:11:41]} Rxd7
{[%clk 0:01:54]} 24. fxg5 {[%clk 0:11:54]} g6 {[%clk 0:01:39]} 25. Bc1
{[%clk 0:10:37]} Qc7 {[%clk 0:00:49]} 26. f4 {[%clk 0:11:02]} Rde7
{[%clk 0:01:02]} 27. Qf2 {[%clk 0:06:07]} f5 {[%clk 0:00:55]} 28. h4
{[%clk 0:04:23]} Qd7 {[%clk 0:00:59]} 29. Kg2 {[%clk 0:04:32]} Rh7
{[%clk 0:01:02]} 30. Rh1 {[%clk 0:04:39]} Qf7 {[%clk 0:01:11]} 31. Qf3
{[%clk 0:04:26]} Re4 {[%clk 0:00:54]} 32. h5 {[%clk 0:02:17]} gxh5
{[%clk 0:01:14]} 33. Nxh5 {[%clk 0:02:15]} Re6 {[%clk 0:00:46]} 34. Ng3
{[%clk 0:01:55]} Ne7 {[%clk 0:00:33]} 35. Rxh7 {[%clk 0:02:09]} Qxh7
{[%clk 0:00:59]} 36. Rh1 {[%clk 0:02:35]} Qg7 37. Qd3 {[%clk 0:02:25]} Re4
{[%clk 0:00:59]} 38. Nxe4 {[%clk 0:01:54]} dxe4 {[%clk 0:01:23]} 39. Qh3
{[%clk 0:01:29]} Kg8 {[%clk 0:01:25]} 40. Qh6 {[%clk 0:01:16]} Ng6
{[%clk 0:01:28]} 41. Qxg7+ {[%clk 0:29:39]} Kxg7 {[%clk 0:31:54]} 42. Kg3 Bc7
{[%clk 0:24:49]} 43. Rh6 {[%clk 0:27:39]} Bb8 {[%clk 0:23:15]} 44. Be3
{[%clk 0:24:20]} Bd6 {[%clk 0:22:35]} 45. Bd2 {[%clk 0:20:06]} Bb8
{[%clk 0:22:41]} 46. Bc1 {[%clk 0:20:04]} Bd6 {[%clk 0:22:54]} 47. Kf2
{[%clk 0:17:52]} Bb8 {[%clk 0:21:53]} 48. Kg3 Bd6 {[%clk 0:22:09]} 49. a4
{[%clk 0:08:16]} Bb8 {[%clk 0:22:34]} 50. Be3 {[%clk 0:07:05]} Bd6
{[%clk 0:22:56]} 51. Kf2 {[%clk 0:06:50]} Bb8 {[%clk 0:22:57]} 52. Ke2
{[%clk 0:06:41]} Bd6 {[%clk 0:21:32]} 53. Kd2 {[%clk 0:06:42]} Bb8
{[%clk 0:20:38]} 54. Kc2 {[%clk 0:06:58]} Bd6 {[%clk 0:18:13]} 55. Bd2
{[%clk 0:06:21]} Bb8 {[%clk 0:18:22]} 56. Be3 {[%clk 0:06:26]} Bd6
{[%clk 0:18:49]} 57. Bc1 {[%clk 0:06:38]} Bb8 {[%clk 0:19:15]} 58. b4
{[%clk 0:05:43]} Bd6 {[%clk 0:12:58]} 59. Kb3 {[%clk 0:03:41]} b5
{[%clk 0:11:42]} 60. axb5 {[%clk 0:03:20]} axb5 {[%clk 0:12:07]} 61. Bd2
{[%clk 0:02:49]} Bb8 62. Kc2 {[%clk 0:01:24]} 1/2-1/2

[Event "Ch France 2018"]
[Site "?"]
[Date "2018.08.18"]
[Round "1.3"]
[White "Edouard, Romain"]
[Black "Le Roux, Jean-Pierre"]
[Result "1-0"]
[BlackElo "2539"]
[WhiteElo "2638"]
[LiveChessVersion "1.4.8"]

1. d4 {[%clk 1:30:57]} Nf6 {[%clk 1:30:54]} 2. c4 {[%clk 1:31:24]} e6
{[%clk 1:30:51]} 3. Nc3 {[%clk 1:31:17]} Bb4 {[%clk 1:31:16]} 4. Nf3
{[%clk 1:31:00]} b6 {[%clk 1:31:07]} 5. Qb3 {[%clk 1:30:35]} Qe7 {[%clk 1:27:42]}
6. g3 {[%clk 1:25:28]} O-O {[%clk 1:21:57]} 7. Bg2 {[%clk 1:25:45]} Bb7
{[%clk 1:15:54]} 8. O-O {[%clk 1:26:05]} a5 {[%clk 1:10:29]} 9. Qc2
{[%clk 1:15:44]} Bxc3 {[%clk 1:02:57]} 10. Qxc3 {[%clk 1:16:07]} d6
{[%clk 1:03:20]} 11. b3 {[%clk 1:13:09]} a4 {[%clk 1:00:48]} 12. b4
{[%clk 1:08:07]} Nbd7 {[%clk 1:00:48]} 13. a3 {[%clk 1:05:22]} Rfc8
{[%clk 0:55:16]} 14. Bb2 {[%clk 0:55:12]} b5 {[%clk 0:48:44]} 15. cxb5
{[%clk 0:53:25]} Nb6 {[%clk 0:48:29]} 16. Nd2 {[%clk 0:52:40]} Bxg2
{[%clk 0:36:25]} 17. Kxg2 {[%clk 0:53:01]} d5 {[%clk 0:34:27]} 18. Qd3
{[%clk 0:38:42]} Ne8 {[%clk 0:26:49]} 19. Rac1 {[%clk 0:39:02]} Nd6
{[%clk 0:27:14]} 20. Rc5 {[%clk 0:39:21]} Rab8 {[%clk 0:25:48]} 21. Rfc1
{[%clk 0:36:27]} Qd7 {[%clk 0:21:45]} 22. Rc6 {[%clk 0:30:53]} Rb7
{[%clk 0:18:59]} 23. R1c5 {[%clk 0:28:52]} Nbc4 {[%clk 0:13:19]} 24. Nxc4
{[%clk 0:27:40]} Nxc4 {[%clk 0:13:15]} 25. Rxc4 {[%clk 0:27:31]} dxc4
{[%clk 0:13:41]} 26. Qxc4 {[%clk 0:27:57]} Qd5+ {[%clk 0:11:05]} 27. Qxd5
{[%clk 0:28:08]} exd5 {[%clk 0:11:31]} 28. Rc5 {[%clk 0:26:17]} Rd8
{[%clk 0:09:56]} 29. Bc1 {[%clk 0:20:01]} Kf8 {[%clk 0:07:09]} 30. Bf4
{[%clk 0:18:43]} Rd7 {[%clk 0:07:35]} 31. Kf3 {[%clk 0:19:06]} Ke8
{[%clk 0:06:21]} 32. Ke3 {[%clk 0:19:26]} Kd8 {[%clk 0:05:52]} 33. Kd3
{[%clk 0:19:53]} Rb6 {[%clk 0:05:06]} 34. f3 {[%clk 0:20:11]} h6 {[%clk 0:05:06]}
35. h4 {[%clk 0:18:32]} Re6 {[%clk 0:02:17]} 36. e4 {[%clk 0:18:03]} f5
{[%clk 0:01:12]} 37. exf5 {[%clk 0:10:14]} Re1 {[%clk 0:01:37]} 38. Be5
{[%clk 0:10:09]} Rf1 {[%clk 0:00:50]} 39. Ke3 {[%clk 0:09:31]} Rb1
{[%clk 0:00:55]} 40. Rc3 {[%clk 0:09:52]} Kc8 {[%clk 0:00:33]} 41. b6
{[%clk 0:02:08]} Rb3 {[%clk 0:00:37]} 42. Rxb3 {[%clk 0:02:27]} axb3
{[%clk 0:00:59]} 43. b7+ {[%clk 0:01:43]} Kxb7 {[%clk 0:28:18]} 44. Ke4 1-0

[Event "Ch France 2018"]
[Site "?"]
[Date "2018.08.18"]
[Round "1.4"]
[White "Loiseau, Quentin"]
[Black "Bauer, Christian"]
[Result "1/2-1/2"]
[BlackElo "2636"]
[WhiteElo "2417"]
[LiveChessVersion "1.4.8"]

1. e4 {[%clk 1:30:55]} c6 {[%clk 1:26:31]} 2. d4 {[%clk 1:30:53]} d5
{[%clk 1:26:55]} 3. e5 {[%clk 1:31:04]} c5 {[%clk 1:27:17]} 4. dxc5
{[%clk 1:31:15]} e6 {[%clk 1:27:37]} 5. Nf3 {[%clk 1:30:13]} Bxc5
{[%clk 1:27:24]} 6. Bd3 {[%clk 1:30:08]} Nc6 {[%clk 1:26:54]} 7. O-O
{[%clk 1:29:44]} Nge7 {[%clk 1:17:14]} 8. a3 {[%clk 1:26:13]} Ng6
{[%clk 1:05:07]} 9. b4 {[%clk 1:19:55]} Be7 {[%clk 1:04:32]} 10. Bb2
{[%clk 1:15:25]} Qc7 {[%clk 0:59:51]} 11. Re1 {[%clk 1:12:31]} a6
{[%clk 0:51:36]} 12. Nbd2 {[%clk 1:04:04]} b5 {[%clk 0:52:00]} 13. Nb3
{[%clk 0:59:18]} Bd7 {[%clk 0:47:33]} 14. Nbd4 {[%clk 0:51:17]} Na7
{[%clk 0:41:56]} 15. h4 {[%clk 0:37:17]} Nc8 {[%clk 0:39:12]} 16. Bc1
{[%clk 0:28:43]} Bxh4 {[%clk 0:29:14]} 17. Nxh4 {[%clk 0:18:53]} Nxh4
{[%clk 0:29:39]} 18. Qh5 {[%clk 0:14:14]} Ng6 {[%clk 0:25:42]} 19. f4
{[%clk 0:12:30]} Nce7 {[%clk 0:23:06]} 20. Be3 {[%clk 0:08:33]} O-O
{[%clk 0:14:56]} 21. g3 {[%clk 0:03:28]} f6 {[%clk 0:12:40]} 22. exf6
{[%clk 0:02:45]} Rxf6 {[%clk 0:12:37]} 23. Nf3 {[%clk 0:02:31]} Nf5
{[%clk 0:11:14]} 24. Bf2 {[%clk 0:02:41]} Raf8 {[%clk 0:08:08]} 25. Ng5
{[%clk 0:01:15]} h6 {[%clk 0:07:31]} 26. Nxe6 {[%clk 0:00:52]} Rxe6
{[%clk 0:05:07]} 27. Rxe6 {[%clk 0:01:15]} Nxf4 {[%clk 0:04:51]} 28. gxf4
{[%clk 0:00:58]} Bxe6 {[%clk 0:05:18]} 29. Re1 {[%clk 0:00:49]} Qd7
{[%clk 0:04:24]} 30. Bc5 {[%clk 0:00:41]} Rf6 {[%clk 0:04:33]} 31. Re5
{[%clk 0:00:38]} Ng3 {[%clk 0:03:18]} 32. Qf3 {[%clk 0:00:34]} Ne4
{[%clk 0:03:40]} 33. Bxe4 {[%clk 0:00:40]} dxe4 {[%clk 0:04:06]} 34. Qxe4
{[%clk 0:00:54]} Qd1+ {[%clk 0:02:42]} 35. Kf2 {[%clk 0:01:00]} Qg4
{[%clk 0:02:17]} 36. Be3 {[%clk 0:00:39]} Bf5 {[%clk 0:01:02]} 37. Qg2
{[%clk 0:00:32]} Qh4+ {[%clk 0:00:46]} 38. Qg3 {[%clk 0:00:57]} Qh5
{[%clk 0:01:03]} 39. Qf3 {[%clk 0:01:11]} Qg6 {[%clk 0:01:04]} 40. Qg2
{[%clk 0:01:19]} Qf7 {[%clk 0:00:38]} 41. Qd5 {[%clk 0:16:51]} Qxd5
{[%clk 0:17:49]} 42. Rxd5 {[%clk 0:17:18]} Bxc2 {[%clk 0:18:12]} 43. Kf3
{[%clk 0:14:59]} Re6 {[%clk 0:16:09]} 44. Rd8+ {[%clk 0:12:36]} Kh7
{[%clk 0:15:59]} 45. Bc5 {[%clk 0:12:09]} Be4+ {[%clk 0:11:24]} 46. Kf2
{[%clk 0:11:46]} Rg6 {[%clk 0:10:16]} 47. Rd6 {[%clk 0:10:43]} Rg4
{[%clk 0:09:15]} 48. Ke3 {[%clk 0:09:51]} Bc2 {[%clk 0:08:16]} 49. Kf3
{[%clk 0:06:50]} h5 {[%clk 0:07:13]} 50. Bf2 {[%clk 0:07:12]} g5 {[%clk 0:03:44]}
51. fxg5 {[%clk 0:07:11]} Rxg5 {[%clk 0:03:27]} 52. Be3 {[%clk 0:05:02]} Rf5+
{[%clk 0:02:47]} 53. Bf4 {[%clk 0:04:41]} Kg7 {[%clk 0:01:54]} 54. Rxa6
{[%clk 0:03:43]} 1/2-1/2

[Event "Ch France 2018"]
[Site "?"]
[Date "2018.08.18"]
[Round "1.5"]
[White "Gozzoli, Yannick"]
[Black "Maze, Sebastien"]
[Result "1-0"]
[BlackElo "2612"]
[WhiteElo "2596"]
[LiveChessVersion "1.4.8"]

1. d4 {[%clk 1:30:56]} Nf6 {[%clk 1:30:51]} 2. c4 {[%clk 1:31:18]} e6
{[%clk 1:31:16]} 3. Nc3 {[%clk 1:31:38]} Bb4 {[%clk 1:31:41]} 4. Nf3
{[%clk 1:32:00]} b6 {[%clk 1:31:44]} 5. Qc2 {[%clk 1:32:24]} Bb7 {[%clk 1:31:20]}
6. a3 {[%clk 1:32:43]} Bxc3+ {[%clk 1:31:28]} 7. Qxc3 {[%clk 1:33:09]} a5
{[%clk 1:30:02]} 8. e3 {[%clk 1:23:33]} a4 {[%clk 1:28:13]} 9. Be2
{[%clk 1:23:30]} d6 {[%clk 1:28:09]} 10. O-O {[%clk 1:23:17]} Nbd7
{[%clk 1:27:02]} 11. Nd2 {[%clk 1:22:49]} O-O {[%clk 1:24:14]} 12. b4
{[%clk 1:16:28]} axb3 {[%clk 1:23:54]} 13. Nxb3 {[%clk 1:16:39]} Ra4
{[%clk 1:17:39]} 14. f3 {[%clk 1:14:46]} Qa8 {[%clk 1:13:53]} 15. Bb2
{[%clk 1:12:25]} e5 {[%clk 1:10:36]} 16. Qc2 {[%clk 1:09:12]} Re8
{[%clk 1:04:18]} 17. Rfe1 {[%clk 1:02:38]} h6 {[%clk 0:57:12]} 18. dxe5
{[%clk 0:55:21]} Nxe5 {[%clk 0:57:13]} 19. Nd4 {[%clk 0:55:36]} Ra6
{[%clk 0:46:03]} 20. Nb5 {[%clk 0:53:31]} Qd8 {[%clk 0:46:06]} 21. Rad1
{[%clk 0:44:08]} Ned7 {[%clk 0:40:35]} 22. Bf1 {[%clk 0:38:16]} Ra8
{[%clk 0:40:31]} 23. e4 {[%clk 0:37:33]} Qc8 {[%clk 0:40:25]} 24. g3
{[%clk 0:35:23]} Bc6 {[%clk 0:37:16]} 25. Bg2 {[%clk 0:33:00]} Qb7
{[%clk 0:37:40]} 26. Rc1 {[%clk 0:30:04]} Nc5 {[%clk 0:37:16]} 27. Bxf6
{[%clk 0:28:07]} gxf6 {[%clk 0:37:42]} 28. Qc3 Kg7 {[%clk 0:30:00]} 29. Re3
{[%clk 0:20:38]} Ra4 {[%clk 0:19:47]} 30. Nd4 {[%clk 0:16:58]} Bd7
{[%clk 0:20:13]} 31. f4 {[%clk 0:15:49]} Qa6 {[%clk 0:18:37]} 32. g4
{[%clk 0:11:51]} Ra8 {[%clk 0:11:58]} 33. Rg3 {[%clk 0:07:28]} Rxa3
{[%clk 0:10:56]} 34. Nf5+ {[%clk 0:07:53]} Kg6 {[%clk 0:09:26]} 35. Ne7+
{[%clk 0:05:28]} Kg7 {[%clk 0:09:50]} 36. Nf5+ {[%clk 0:05:53]} Kg6
{[%clk 0:09:52]} 37. Rh3 {[%clk 0:03:49]} Bxf5 {[%clk 0:10:18]} 38. gxf5+
{[%clk 0:04:15]} Kg7 {[%clk 0:04:02]} 39. Rg3+ {[%clk 0:04:41]} Kf8
{[%clk 0:03:40]} 40. Qxf6 {[%clk 0:05:05]} Rxg3 {[%clk 0:04:08]} 41. hxg3
{[%clk 0:03:55]} Qa3 {[%clk 0:04:28]} 42. Kh2 {[%clk 0:03:03]} Qxc1
{[%clk 0:26:57]} 43. Qh8+ {[%clk 0:26:41]} Ke7 {[%clk 0:27:02]} 44. f6+
{[%clk 0:27:06]} Kd7 {[%clk 0:27:22]} 45. Qxa8 {[%clk 0:27:31]} Qb2
{[%clk 0:25:08]} 46. e5 {[%clk 0:27:01]} dxe5 {[%clk 0:25:24]} 47. Qf8
{[%clk 0:25:32]} Ke6 {[%clk 0:22:39]} 48. Qe7+ {[%clk 0:25:33]} Kf5
{[%clk 0:23:06]} 49. Qxf7 {[%clk 0:25:53]} exf4 {[%clk 0:21:36]} 50. Qh7+
{[%clk 0:26:13]} Ke5 {[%clk 0:20:18]} 51. f7 {[%clk 0:25:41]} 1-0

[Event "Ch France 2018 - Vétérans"]
[Site "?"]
[Date "2018.08.18"]
[Round "1.1"]
[White "Prie, Eric"]
[Black "Clement, Herve"]
[Result "1-0"]
[BlackElo "1640"]
[WhiteElo "2480"]
[LiveChessVersion "1.4.4"]

1. d4 {[%clk 1:30:42]} e6 {[%clk 1:30:37]} 2. Nf3 {[%clk 1:31:03]} Nf6
{[%clk 1:30:27]} 3. Bf4 {[%clk 1:31:25]} d5 {[%clk 1:29:39]} 4. e3
{[%clk 1:31:48]} Nbd7 {[%clk 1:27:28]} 5. Nbd2 {[%clk 1:31:35]} Be7
{[%clk 1:24:49]} 6. Bd3 Nh5 {[%clk 1:22:03]} 7. Be5 {[%clk 1:29:38]} Nxe5
{[%clk 1:18:58]} 8. Nxe5 {[%clk 1:24:23]} Nf6 {[%clk 1:17:35]} 9. O-O
{[%clk 1:22:08]} O-O {[%clk 1:14:23]} 10. f4 {[%clk 1:20:32]} Bd6
{[%clk 1:11:28]} 11. Rf3 {[%clk 1:18:34]} g6 {[%clk 1:08:35]} 12. Rg3
{[%clk 1:10:23]} Kg7 {[%clk 1:05:47]} 13. c3 {[%clk 0:56:15]} Bd7
{[%clk 1:00:42]} 14. Ndf3 {[%clk 0:56:07]} Ne4 {[%clk 0:57:26]} 15. Bxe4
{[%clk 0:56:24]} dxe4 {[%clk 0:55:51]} 16. Ng5 {[%clk 0:56:41]} Bxe5
{[%clk 0:52:47]} 17. fxe5 {[%clk 0:56:21]} Bc6 {[%clk 0:51:48]} 18. Qg4
{[%clk 0:52:54]} Qd5 {[%clk 0:46:04]} 19. Nxh7 {[%clk 0:39:29]} Rh8
{[%clk 0:40:32]} 20. Ng5 {[%clk 0:34:18]} Rh6 {[%clk 0:37:58]} 21. Rf1
{[%clk 0:31:39]} Rf8 {[%clk 0:36:12]} 22. Rh3 {[%clk 0:31:34]} 1-0

[Event "Ch France 2018 - Vétérans"]
[Site "?"]
[Date "2018.08.18"]
[Round "1.2"]
[White "Barat, Jacques"]
[Black "Vareille, Francois"]
[Result "0-1"]
[BlackElo "2421"]
[WhiteElo "1639"]
[LiveChessVersion "1.4.4"]

1. d4 {[%clk 1:30:56]} Nf6 {[%clk 1:30:41]} 2. Nf3 {[%clk 1:30:33]} g6
{[%clk 1:30:58]} 3. g3 {[%clk 1:30:35]} Bg7 {[%clk 1:31:17]} 4. Bg2
{[%clk 1:30:47]} c5 {[%clk 1:30:03]} 5. e3 {[%clk 1:28:34]} O-O {[%clk 1:30:08]}
6. O-O {[%clk 1:27:52]} d5 {[%clk 1:30:26]} 7. b3 {[%clk 1:24:46]} Nc6
{[%clk 1:27:19]} 8. Bb2 {[%clk 1:24:14]} cxd4 {[%clk 1:27:21]} 9. Nxd4
{[%clk 1:21:34]} Re8 {[%clk 1:27:18]} 10. Nd2 {[%clk 1:19:23]} e5
{[%clk 1:27:02]} 11. Nxc6 {[%clk 1:17:28]} bxc6 {[%clk 1:26:41]} 12. c4
{[%clk 1:17:24]} Bg4 {[%clk 1:24:33]} 13. f3 {[%clk 1:12:04]} Bc8
{[%clk 1:21:11]} 14. cxd5 {[%clk 1:05:45]} cxd5 {[%clk 1:20:41]} 15. Re1
{[%clk 1:04:08]} h5 {[%clk 1:12:21]} 16. Rc1 {[%clk 1:01:14]} Ba6
{[%clk 1:09:05]} 17. Nb1 {[%clk 0:52:54]} Qa5 {[%clk 1:02:14]} 18. Nc3
{[%clk 0:50:20]} Rac8 {[%clk 0:56:00]} 19. Bh3 {[%clk 0:47:06]} Rcd8
{[%clk 0:53:49]} 20. Na4 {[%clk 0:45:35]} d4 {[%clk 0:52:55]} 21. Rc5
{[%clk 0:39:45]} Qb4 {[%clk 0:51:59]} 22. a3 {[%clk 0:38:25]} Qb8
{[%clk 0:51:07]} 23. exd4 {[%clk 0:28:57]} exd4 {[%clk 0:51:18]} 24. Rxe8+
{[%clk 0:27:07]} Nxe8 {[%clk 0:47:44]} 25. Bf1 {[%clk 0:24:28]} Bxf1
{[%clk 0:46:08]} 26. Kxf1 {[%clk 0:24:43]} h4 {[%clk 0:41:43]} 27. Kg2
{[%clk 0:23:48]} d3 {[%clk 0:40:47]} 28. Bxg7 {[%clk 0:22:27]} Nxg7
{[%clk 0:41:04]} 29. Rc3 {[%clk 0:21:34]} Nf5 {[%clk 0:40:56]} 30. Qd2
{[%clk 0:19:15]} hxg3 {[%clk 0:40:57]} 31. Rxd3 {[%clk 0:17:53]} Nh4+
{[%clk 0:39:43]} 32. Kh3 {[%clk 0:16:23]} Rxd3 {[%clk 0:40:01]} 33. Qxd3
{[%clk 0:15:45]} gxh2 {[%clk 0:40:01]} 34. Qd1 {[%clk 0:14:57]} Nf5
{[%clk 0:40:05]} 0-1

[Event "Ch France 2018 - Vétérans"]
[Site "?"]
[Date "2018.08.18"]
[Round "1.3"]
[White "Saucey, Michel"]
[Black "Boudesseul, Richard"]
[Result "1-0"]
[BlackElo "1639"]
[WhiteElo "2283"]
[LiveChessVersion "1.4.4"]

1. d4 {[%clk 1:30:57]} Nf6 {[%clk 1:30:52]} 2. c4 {[%clk 1:31:07]} g6
{[%clk 1:31:16]} 3. Nf3 {[%clk 1:31:28]} Bg7 {[%clk 1:31:41]} 4. g3
{[%clk 1:31:53]} O-O {[%clk 1:32:05]} 5. Bg2 {[%clk 1:32:19]} d6 {[%clk 1:32:27]}
6. Nc3 {[%clk 1:32:43]} Nbd7 {[%clk 1:30:40]} 7. O-O {[%clk 1:33:05]} e5
{[%clk 1:30:59]} 8. e4 {[%clk 1:33:18]} c6 {[%clk 1:28:45]} 9. h3
{[%clk 1:33:37]} Re8 {[%clk 1:28:25]} 10. Re1 {[%clk 1:33:50]} Qe7
{[%clk 1:24:53]} 11. d5 {[%clk 1:27:08]} cxd5 {[%clk 1:22:23]} 12. cxd5
{[%clk 1:27:31]} Nf8 {[%clk 1:19:09]} 13. Be3 {[%clk 1:26:11]} a6
{[%clk 1:14:30]} 14. a4 {[%clk 1:23:37]} h6 {[%clk 1:13:15]} 15. Nd2
{[%clk 1:16:10]} Nh5 {[%clk 1:11:40]} 16. Nc4 {[%clk 1:13:47]} Nd7
{[%clk 1:09:27]} 17. Rc1 {[%clk 1:11:26]} Bf8 {[%clk 1:00:44]} 18. a5
{[%clk 1:10:37]} Nhf6 {[%clk 1:00:07]} 19. Na4 {[%clk 1:06:49]} Rb8
{[%clk 0:58:14]} 20. Re2 {[%clk 1:04:38]} Rd8 {[%clk 0:54:53]} 21. b4
{[%clk 1:04:38]} Ne8 {[%clk 0:54:15]} 22. Ncb6 {[%clk 1:00:34]} f5
{[%clk 0:51:43]} 23. Rec2 {[%clk 0:57:13]} Nxb6 {[%clk 0:49:07]} 24. Bxb6
{[%clk 0:57:32]} fxe4 {[%clk 0:48:43]} 25. Bxd8 {[%clk 0:57:29]} Qxd8
{[%clk 0:49:06]} 26. Nb6 {[%clk 0:57:17]} Bd7 {[%clk 0:49:20]} 27. Bxe4
{[%clk 0:55:26]} Bxh3 {[%clk 0:48:51]} 28. Bxg6 {[%clk 0:52:19]} Qg5
{[%clk 0:47:53]} 29. Qh5 {[%clk 0:47:30]} Qxh5 {[%clk 0:45:44]} 30. Bxh5
{[%clk 0:47:59]} Nf6 {[%clk 0:46:05]} 31. Be2 {[%clk 0:44:40]} h5
{[%clk 0:43:33]} 32. Rc7 {[%clk 0:39:17]} Bh6 {[%clk 0:43:55]} 33. Rd1
{[%clk 0:38:48]} Re8 {[%clk 0:42:37]} 34. Rxb7 {[%clk 0:38:19]} e4
{[%clk 0:42:33]} 35. Ra7 {[%clk 0:34:11]} h4 {[%clk 0:41:40]} 36. gxh4
{[%clk 0:34:19]} Kh8 {[%clk 0:39:03]} 37. Ra8 {[%clk 0:33:14]} Rxa8
{[%clk 0:34:29]} 38. Nxa8 {[%clk 0:33:28]} e3 {[%clk 0:34:52]} 39. Rd4
{[%clk 0:26:23]} Nd7 {[%clk 0:31:35]} 40. Nc7 {[%clk 0:25:29]} Bg7
{[%clk 0:24:00]} 41. fxe3 {[%clk 0:25:35]} Bxd4 {[%clk 0:22:19]} 42. exd4
{[%clk 0:25:58]} 1-0